Dr. S. R. Lasker Library Online Catalogue

Home      Library Home      Institutional Repository      E-Resources      MyAthens      EWU Home

Applied biopharmaceutics and pharmacokinetics / (Record no. 4943)

MARC details
000 -LEADER
fixed length control field 02280cam a2200409 a 4500
001 - CONTROL NUMBER
control field 4943
003 - CONTROL NUMBER IDENTIFIER
control field BD-DhEWU
005 - DATE AND TIME OF LATEST TRANSACTION
control field 20181204114451.0
008 - FIXED-LENGTH DATA ELEMENTS--GENERAL INFORMATION
fixed length control field 920623s1993 bg a g b 001 0 eng d
020 ## - INTERNATIONAL STANDARD BOOK NUMBER
International Standard Book Number 083850129X
International Standard Book Number 9780838501290
035 ## - SYSTEM CONTROL NUMBER
System control number (OCoLC)26163148
040 ## - CATALOGING SOURCE
Original cataloging agency DNLM/DLC
Transcribing agency DLC
Modifying agency DLC
-- BD-DhEWU
Language of cataloging eng
041 ## - LANGUAGE CODE
Language code of text/sound track or separate title eng
050 00 - LIBRARY OF CONGRESS CALL NUMBER
Classification number RM301.4
Item number .S52 1993
060 ## - NATIONAL LIBRARY OF MEDICINE CALL NUMBER
Classification number QV38 S531a
082 00 - DEWEY DECIMAL CLASSIFICATION NUMBER
Classification number 615.7
Item number SHA 1993
100 1# - MAIN ENTRY--PERSONAL NAME
Personal name Shargel, Leon.
9 (RLIN) 8469
245 10 - TITLE STATEMENT
Title Applied biopharmaceutics and pharmacokinetics /
Statement of responsibility, etc Leon Shargel, Andrew B.C. Yu.
250 ## - EDITION STATEMENT
Edition statement 3rd ed.
260 ## - PUBLICATION, DISTRIBUTION, ETC. (IMPRINT)
Place of publication, distribution, etc Norwalk, Conn. :
Name of publisher, distributor, etc Appleton & Lange,
Date of publication, distribution, etc c1993.
300 ## - PHYSICAL DESCRIPTION
Extent xxii, 625 p. :
Other physical details ill. ;
Dimensions 26 cm.
500 ## - GENERAL NOTE
General note Online version:<br/>Shargel, Leon, 1941-<br/>Applied biopharmaceutics and pharmacokinetics.<br/>Norwalk, Conn. : Appleton & Lange, c1993<br/>(OCoLC)622296890
504 ## - BIBLIOGRAPHY, ETC. NOTE
Bibliography, etc Includes bibliographical references and index.
505 ## - FORMATTED CONTENTS NOTE
Title TOC
Formatted contents note Review of mathematical fundamentals --<br/>Rates and orders of reactions --<br/>Introduction to pharmacokinetics --<br/>One-compartment open model --<br/>Multicompartment models --<br/>Drug distribution and protein binding --<br/>Physiologic factors related to drug absorption --<br/>Biopharmaceutic consideration in drug product design --<br/>Pharmacokinetics of drug absorption --<br/>Bioavailability and bioequivalence --<br/>Modified-release drug products and targeted drug delivery systems --<br/>Drug clearance --<br/>Hepatic elimination of drugs --<br/>Intravenous infusion --<br/>Multiple-dosage regimens --<br/>Nonlinear pharmacokinetics --<br/>Application of pharmacokinetics in clinical situations --<br/>Dosage adjustment in renal disease --<br/>Relationship between pharmacokinetics and pharmacologic response --<br/>Physiologic pharmacokinetic models, statistical moment, and mean residence time.
526 ## - STUDY PROGRAM INFORMATION NOTE
Program name Pharmacy
590 ## - LOCAL NOTE (RLIN)
Local note Tahur Ahmed
650 #0 - SUBJECT ADDED ENTRY--TOPICAL TERM
Topical term or geographic name as entry element Biopharmaceutics.
9 (RLIN) 9123
Topical term or geographic name as entry element Pharmacokinetics.
9 (RLIN) 9124
Topical term or geographic name as entry element Biopharmaceutics.
9 (RLIN) 9125
Topical term or geographic name as entry element Pharmacokinetics.
9 (RLIN) 9126
700 1# - ADDED ENTRY--PERSONAL NAME
Personal name Yu, Andrew B. C.
9 (RLIN) 1049
856 42 - ELECTRONIC LOCATION AND ACCESS
Materials specified WorldCat details
Uniform Resource Identifier http://www.worldcat.org/title/applied-biopharmaceutics-and-pharmacokinetics/oclc/26163148&referer=brief_results
942 ## - ADDED ENTRY ELEMENTS (KOHA)
Source of classification or shelving scheme Dewey Decimal Classification
Koha item type Text
Koha issues (borrowed), all copies 14
Holdings
Withdrawn status Lost status Source of classification or shelving scheme Damaged status Not for loan Collection code Home library Current library Shelving location Date acquired Source of acquisition Cost, normal purchase price Total Checkouts Full call number Barcode Date last seen Date checked out Copy number Koha item type
    Dewey Decimal Classification     Non-fiction Dr. S. R. Lasker Library, EWU Dr. S. R. Lasker Library, EWU Circulation Section 28/06/2006 Xerox World 850.00 27 615.7 SHA 1993 18372 01/03/2017 23/02/2017 C-4 Text
    Dewey Decimal Classification   Not For Loan Non-fiction Dr. S. R. Lasker Library, EWU Dr. S. R. Lasker Library, EWU Reserve Section 28/06/2006 Xerox World 850.00 1 615.7 SHA 1993 18369 09/08/2011 09/08/2011 C-1 Text
    Dewey Decimal Classification     Non-fiction Dr. S. R. Lasker Library, EWU Dr. S. R. Lasker Library, EWU Circulation Section 28/06/2006 Xerox World 850.00 7 615.7 SHA 1993 18370 17/04/2022 07/04/2022 C-2 Text
    Dewey Decimal Classification     Non-fiction Dr. S. R. Lasker Library, EWU Dr. S. R. Lasker Library, EWU Circulation Section 28/06/2006 Xerox World 850.00 39 615.7 SHA 1993 18371 24/04/2017 19/04/2017 C-3 Text